Countries With The Most - Cereals - Imports and Exports - Statistics

General Stats
  • This quiz has been taken 24 times
  • The average score is 17 of 20
Answer Stats
$ (2022) Answer % Correct
13 billions Argentina
100%
14 billions Brazil
100%
10 billions Canada
100%
12 billions France
100%
8,9 billions Mexico
100%
10 billions Russia
100%
32 billions United States
100%
14 billions Australia
96%
19 billions China
96%
14 billions India
96%
9,7 billions Japan
96%
5,8 billions Italy
87%
6,6 billions Spain
87%
9,1 billions Ukraine
78%
5,7 billions Vietnam
78%
6,4 billions Egypt
74%
6,2 billions Saudi Arabia
70%
6,6 billions South Korea
65%
8,5 billions Iran
52%
4,6 billions Romania
39%
No matching quizzes found
Score Distribution
Percent of People with Each Score
Percentile by Number Answered
Your Score History
You have not taken this quiz